Music Quiz

Random Music or Album Quiz

Mariah Carey Songs Quiz Stats

 Plays Quiz Updated Feb 12, 2020

Support Sporcle.
Go Orange.
Score 0/193 Timer 15:00
5 Plays Today
% Correct
Emotions
88.6%
Vision of Love
86.5%
Butterfly
83.2%
Hero
82.7%
All I Want for Christmas Is You
82.6%
Fantasy
81.9%
The One
81.6%
We Belong Together
81.6%
Honey
80.2%
Heartbreaker
78.8%
Heartbreaker (Remix)
78.7%
Dreamlover
78.7%
Love Takes Time
76.3%
Always Be My Baby
76.1%
My All
76.1%
Someday
76%
Touch My Body
74.4%
Caution
74.4%
One Sweet Day
73.8%
Music Box
73%
It's Like That
71.3%
Shake It Off
70.5%
Beautiful (Featuring Miguel)
70.4%
I Don't Wanna Cry
70.3%
Without You
70.2%
Through the Rain
69.9%
GTFO
69.5%
Obsessed
69.4%
Can't Let Go
69.4%
Make It Happen
69.1%
A No No
68.4%
Loverboy
68.4%
Loverboy (Remix)
68.4%
With You
67.8%
Cry
67.5%
Through the Rain (Remix)
67.3%
Vanishing
66.6%
Anytime You Need a Friend
66.6%
All I Want for Christmas Is You (Extra Festive)
66.5%
The Roof
66.3%
Breakdown
65.5%
Underneath the Stars
64.4%
Prisoner
64.1%
8th Grade
62.6%
Portrait
62.5%
O Holy Night
62.3%
Forever
62.2%
Thank God I Found You
62.2%
Fly Like a Bird
62.2%
There's Got To Be A Way
62%
Rainbow (Interlude)
61.8%
Can't Take That Away (Mariah's Theme)
61.4%
Open Arms
61.2%
The Wind
59.9%
Migrate
59.7%
Don't Forget About Us
59.5%
Silent Night
59.4%
Fourth of July
59.3%
Outside
59.1%
The Distance (Featuring Ty Dolla Sign)
59.1%
Boy (I Need You)
58.7%
Babydoll
58.3%
Looking In
58%
Melt Away
57.9%
Mine Again
57.7%
% Correct
Bye Bye
57%
Circles
56.8%
All In Your Mind
56.7%
Whenever You Call
56.6%
Never Too Far
56.2%
Giving Me Life (Featuring Slick Rick and Blood Orange)
56.1%
Crybaby
55.9%
Against All Odds (Take A Look At Me Now)
55.7%
The Beautiful Ones
55.6%
Bliss
55.4%
Say Somethin'
55%
If It's Over
54.7%
Petals
54.4%
I Want to Know What Love Is
53.8%
H.A.T.E.U.
53.5%
One Mo' Gen
53.2%
I Stay in Love
53%
Alone in Love
52.9%
Lead The Way
52.8%
Angels Cry
52.7%
Get Your Number
52.5%
Joy to the World
52.1%
X-Girlfriend
51.9%
Close My Eyes
51.8%
Long Ago
51.8%
Angel (the prelude)
51.7%
Daydream Interlude (Fantasy Sweet Dub Mix)
51.3%
Up Out My Face
51.1%
Stay Long Love You (Featuring Gunna)
51%
And You Don't Remember
50.7%
Never Forget You
50.6%
Christmas (Baby Please Come Home)
50.2%
Fly Away (Butterfly Reprise)
50.2%
Clown
50.2%
When I Saw You
50.1%
You're So Cold
49.9%
Stay the Night
49.6%
Yours
49.4%
Sent From Up Above
49.2%
Joy Ride
49.2%
Cruise Control
48.9%
I Wish You Well
48.4%
Faded
48.4%
Last Night A DJ Saved My Life
48.3%
I Am Free
48.2%
You Need Me
48.1%
I'll Be Lovin' U Long Time
48%
All I've Ever Wanted
47.8%
So Blessed
47.8%
Candy Bling
47.8%
Miss You Most (At Christmas Time)
47.3%
Betcha Gon' Know (The Prologue)
47%
Bringin' on the Heartbreak
47%
Reflections (Care Enough)
47%
Love Story
46.8%
How Much
46.7%
To the Floor
46.5%
Now That I Know
46.4%
Till the End of Time
46.4%
Don't Stop (Funkin' 4 Jamaica)
46.1%
I Wish You Knew
46%
After Tonight
46%
Your Girl
45.4%
One and Only
45.4%
Ribbon
45.1%
% Correct
Santa Claus Is Coming to Town
45%
Twister
44.5%
It's a Wrap
44.3%
Up Out My Face (the reprise)
44.1%
Side Effects
44%
My Saving Grace
43.9%
O Holy Night (Live from WPC in South Central Los Angeles)
43.6%
Did I Do That?
43.6%
Sunflowers for Alfred Roy
43.5%
I'm That Chick
42.8%
To Be Around You
42.7%
Just to Hold You Once Again
42.6%
Didn't Mean To Turn You On
42.5%
O.O.C
42.2%
I've Been Thinking About You
41.9%
You're Mine (Eternal)
41.5%
Thirsty
41.4%
If We
41.2%
The Impossible
40.8%
Meteorite
40.7%
Last Kiss
40.1%
Thanx 4 Nothin'
39.9%
Dedicated (Featuring Nas)
39.9%
All My Life
39.6%
Money ($*
39.4%
For the Record
39.4%
Supernatural (Featuring Dembabies)
39.3%
Subtle Invitation
39%
Standing O
38.9%
The Impossible (the reprise)
38.2%
I Only Wanted
37.9%
You Don't Know What to Do (Featuring Wale)
37.9%
Lullaby
37.8%
Vulnerability (Interlude)
37%
Languishing (the interlude)
36.9%
Hark The Herald Angels Sing - Gloria (In Excelsis Deo)
36.6%
Oh Santa!
36.6%
Jesus Born On This Day
36.5%
Santa Claus Is Coming to Town (Intro)
36.3%
One More Try
35.5%
Heavenly (No Ways Tired
35.4%
Jesus Oh What A Wonderful Child
35.4%
Inseparable
35.3%
More Than Just Friends
34.9%
You Got Me
34.9%
Camouflage
34.7%
Irresistible (West Side Connection)
34%
So Lonely (One & Only Part II)
33.4%
Make It Look Good
33.4%
We Belong Together (Remix)
33%
Want You
32.8%
You Had Your Chance
32%
Makin' It Last All Night (What It Do)
29.1%
Me. I Am Mariah... The Elusive Chanteuse
27.1%
When Christmas Comes
24.2%
Auld Lang Syne (The New Year's Anthem)
21%
One Child
20.8%
Charlie Brown Christmas
20.6%
Christmas Time Is in the Air Again
18.9%
O Come All Ye Faithful / Hallelujah Chorus
18.6%
O Little Town of Bethlehem / Little Drummer Boy (Medley)
18.5%
The First Noel / Born is the King (Interlude)
17.5%
Here Comes Santa Claus (Right Down Santa Claus Lane) / Housetop Celebration
17.3%

From the Vault

Pick 5 in 15: National Capitals

by MSUKent

Geography 15s
Not just any five. A specific set of five.
Remove Ads.
Support Sporcle.
Get the best of Sporcle when you Go Orange. This ad-free experience offers more features, more stats, and more fun while also helping to support Sporcle. Thank you for becoming a member.

Show Comments

Extras

Top Quizzes Today


Score Distribution

Your Account Isn't Verified!

In order to create a playlist on Sporcle, you need to verify the email address you used during registration. Go to your Sporcle Settings to finish the process.

Report this User

Report this user for behavior that violates our Community Guidelines.

Details: